000 00329 a2200145 4500
999 _c12638
_d12638
003 OSt
005 20240430194537.0
008 240430b ||||| |||| 00| 0 eng d
020 _a9780415611466
082 _a307.14
100 _aRobert K. Home
245 _aInner City Regeneration
260 _bRoutledge
_c2013
942 _2ddc